Giáo trình sản xuất sạch hơn
Uloženo v:
| Médium: | Kniha |
|---|---|
| Vydáno: |
Đồng Tháp
2012
|
| Tagy: |
Přidat tag
Žádné tagy, Buďte první, kdo otaguje tento záznam!
|
| Thư viện lưu trữ: | Trung tâm Học liệu Lê Vũ Hùng, Trường Đại học Đồng Tháp |
|---|
| LEADER | 00544pam a22001698a 4500 | ||
|---|---|---|---|
| 001 | 00039623 | ||
| 005 | 20171026081025.0 | ||
| 008 | 170520s2012 ||||||Viesd | ||
| 041 | 0 | # | |a Vie |
| 082 | 1 | 4 | |a 363.7 |b GI108TR |
| 245 | 1 | 0 | |a Giáo trình sản xuất sạch hơn |c Khoa Môi trường - ĐH Huế |
| 260 | # | # | |a Đồng Tháp |c 2012 |
| 300 | # | # | |a 76 tr. |c 29 cm |
| 852 | # | # | |b Kho đọc |j KD.0020226 |
| 852 | # | # | |j KD.0020226 |
| 910 | |d 20/05/2017 | ||
| 980 | # | # | |a Trung tâm Học liệu Lê Vũ Hùng, Trường Đại học Đồng Tháp |